| 000 | 01506cam a22004214a 4500 | ||
|---|---|---|---|
| 999 |
_c532454 _d532454 |
||
| 001 | 13181139 | ||
| 003 | NUST | ||
| 005 | 20191121102737.0 | ||
| 008 | 030430s2004 enkab be 001 0 eng | ||
| 010 | _a 2003046892 | ||
| 015 | _aGBA3-U8324 | ||
| 020 | _a041527298X (set : alk. paper) | ||
| 020 | _a9780415272988 (set : alk. paper) | ||
| 020 | _a0415327377 (v. 1) | ||
| 020 | _a9780415327374 (v. 1) | ||
| 020 | _a0415327385 (v. 2) | ||
| 020 | _a9780415327381 (v. 2) | ||
| 035 | _a(OCoLC)ocm52178678 | ||
| 035 |
_a(OCoLC)52178678 _z(OCoLC)83272147 |
||
| 038 | _aMSOHAIL | ||
| 040 |
_aDLC _cDLC _dYDX _dUKM _dMUQ _dBAKER _dNLGGC _dUBA _dBTCTA _dYDXCP _dTEU _dDLC |
||
| 042 | _apcc | ||
| 050 | 0 | 0 |
_aGB400.3 _b.E53 2004 |
| 082 | 0 | 0 |
_a551.4103 _221 |
| 084 |
_a38.45 _2bcl |
||
| 245 | 0 | 0 |
_aEncyclopedia of geomorphology / _cA.S. Goudie. |
| 250 | _aVol-1-2 | ||
| 260 |
_aLondon ; _aNew York : _bRoutledge : _bInternational Association of Geomorphologists, _c2001. |
||
| 300 |
_a. (p. xxx, 578 p.) : _bill., maps ; _c26 cm. |
||
| 504 | _aIncludes bibliographical references and index. | ||
| 505 | 0 | _av. 1. A-I -- v. 2. J-Z. | |
| 650 | 0 |
_aGeomorphology _vEncyclopedias. _925979 |
|
| 700 | 1 |
_aGoudie, Andrew. _97039 |
|
| 856 | 4 | 2 |
_3Publisher description _uhttp://www.loc.gov/catdir/enhancements/fy0650/2003046892-d.html |
| 906 |
_a7 _bcbc _corignew _d1 _eocip _f20 _gy-gencatlg |
||
| 942 |
_2ddc _cBK |
||